<?xml version="1.0" encoding="UTF-8"?>
<record
    xmlns:xsi="http://www.w3.org/2001/XMLSchema-instance"
    xsi:schemaLocation="http://www.loc.gov/MARC21/slim http://www.loc.gov/standards/marcxml/schema/MARC21slim.xsd"
    xmlns="http://www.loc.gov/MARC21/slim">

  <leader>00568nam1a22002291i 4500</leader>
  <controlfield tag="001">rc\575868</controlfield>
  <controlfield tag="005">20240723225451.0</controlfield>
  <datafield tag="010" ind1=" " ind2=" ">
    <subfield code="9">5000</subfield>
  </datafield>
  <datafield tag="035" ind1=" " ind2=" ">
    <subfield code="a">(NLR Aleph) 005946793</subfield>
  </datafield>
  <datafield tag="090" ind1=" " ind2=" ">
    <subfield code="a">6736979</subfield>
    <subfield code="c">6736979</subfield>
  </datafield>
  <datafield tag="100" ind1=" " ind2=" ">
    <subfield code="a">20031121d1987    u  |0rusy50      ca</subfield>
  </datafield>
  <datafield tag="101" ind1="0" ind2=" ">
    <subfield code="a">rus</subfield>
  </datafield>
  <datafield tag="102" ind1=" " ind2=" ">
    <subfield code="a">RU</subfield>
  </datafield>
  <datafield tag="105" ind1=" " ind2=" ">
    <subfield code="a">y   |||||||||</subfield>
  </datafield>
  <datafield tag="200" ind1="1" ind2=" ">
    <subfield code="a">&#x423;&#x442;&#x440;&#x435;&#x43D;&#x43D;&#x438;&#x435; &#x43F;&#x430;&#x440;&#x443;&#x441;&#x430;</subfield>
    <subfield code="e">&#x421;&#x442;&#x438;&#x445;&#x438;</subfield>
  </datafield>
  <datafield tag="210" ind1=" " ind2=" ">
    <subfield code="a">&#x420;&#x43E;&#x441;&#x442;&#x43E;&#x432; &#x43D;/&#x414;</subfield>
    <subfield code="d">1987</subfield>
  </datafield>
  <datafield tag="215" ind1=" " ind2=" ">
    <subfield code="d">17</subfield>
  </datafield>
  <datafield tag="225" ind1="1" ind2=" ">
    <subfield code="a">&#x41F;&#x435;&#x440;&#x432;&#x43E;&#x435; &#x441;&#x43B;&#x43E;&#x432;&#x43E;</subfield>
  </datafield>
  <datafield tag="801" ind1=" " ind2="0">
    <subfield code="a">RU</subfield>
    <subfield code="b">NLR</subfield>
    <subfield code="g">psbo</subfield>
  </datafield>
  <datafield tag="801" ind1=" " ind2="1">
    <subfield code="a">RU</subfield>
    <subfield code="b">ELAR</subfield>
    <subfield code="2">rusmarc</subfield>
  </datafield>
  <datafield tag="852" ind1=" " ind2=" ">
    <subfield code="a">NLR</subfield>
    <subfield code="j">87-2/3319</subfield>
  </datafield>
  <datafield tag="942" ind1=" " ind2=" ">
    <subfield code="c">BOOK</subfield>
  </datafield>
</record>
